II Congreso del Colegio Oficial de Psicólogos: Comunicaciones
Guardat en:
| Autor principal: | |
|---|---|
| Format: | Llibre |
| Idioma: | espanyol |
| Publicat: |
Madrid
Colegio Oficial de Psicólogos
1990
|
| Matèries: | |
| Etiquetes: |
Afegir etiqueta
Sense etiquetes, Sigues el primer a etiquetar aquest registre!
|
MARC
| LEADER | 00000nam a2200000 a 4500 | ||
|---|---|---|---|
| 001 | UCM8911 | ||
| 003 | CL-VaPUC | ||
| 005 | 20210826074603.0 | ||
| 008 | 030404e19900000sp 1 spa d | ||
| 082 | 0 | 4 | |a 158.7 |b PEI |2 21 |
| 100 | 1 | |a Peiro, José María |e author |9 620300 | |
| 245 | 1 | 0 | |a II Congreso del Colegio Oficial de Psicólogos: Comunicaciones |
| 260 | |a Madrid |b Colegio Oficial de Psicólogos |c 1990 | ||
| 300 | |a v | ||
| 505 | 0 | 0 | |a v.3: Psicología del trabajo y de las organizaciones |
| 583 | |a last modification |c 20190822 01:38:24 |k Rodrigo Vera | ||
| 650 | 0 | 0 | |a Psicología aplicada |9 270762 |
| 650 | 0 | 7 | |a PSICOLOGIA DEL TRABAJO |2 CL-VaPUC |9 324586 |
| 650 | 0 | 0 | |a Orientación profesional |9 308504 |
| 650 | 0 | 0 | |a Administración del personal |9 260442 |
| 942 | |c BK | ||
| 945 | |a cmena |d 20030404 00:00:00 | ||
| 546 | |a En Español | ||
| 536 | |a Colegio Oficial de Psicólogos | ||
| 518 | |p Congreso del Colegio Oficial de Psicólogos, 2, Madrid, 1990 | ||
| 999 | |c 383860 |d 383858 | ||
| 952 | |0 0 |1 0 |4 0 |6 158_700000000000000_PEI_1990 |7 0 |8 A |9 506169 |a BIBEDU |b BIBEDU |d 2020-01-23 |h v.3 |i 3890392 |o 158.7 PEI 1990 |p 3890392 |r 2020-01-23 |w 2020-01-23 |y BK |k BME | ||